Dynamics of industrial relations (Record no. 155103)
[ view plain ]
| 000 -LEADER | |
|---|---|
| fixed length control field | 00586nam a2200217Ia 4500 |
| 003 - CONTROL NUMBER IDENTIFIER | |
| control field | OSt |
| 005 - DATE AND TIME OF LATEST TRANSACTION | |
| control field | 20230418123238.0 |
| 008 - FIXED-LENGTH DATA ELEMENTS--GENERAL INFORMATION | |
| fixed length control field | 210423s2003 xx 000 0 und d |
| 040 ## - CATALOGING SOURCE | |
| Transcribing agency | AL |
| 041 ## - LANGUAGE CODE | |
| Language code of text/sound track or separate title | eng |
| 082 ## - DEWEY DECIMAL CLASSIFICATION NUMBER | |
| Classification number | 331 |
| Edition number | 23 |
| Item number | MAMD |
| 100 ## - MAIN ENTRY--PERSONAL NAME | |
| Personal name | MAMORIA (C B);SCHANTZ (Malcolm Von) |
| 9 (RLIN) | 77934 |
| 245 ## - TITLE STATEMENT | |
| Title | Dynamics of industrial relations |
| 260 ## - PUBLICATION, DISTRIBUTION, ETC. | |
| Place of publication, distribution, etc. | Mumbai |
| Name of publisher, distributor, etc. | Himalaya Publishing House |
| Date of publication, distribution, etc. | 2003 |
| 300 ## - PHYSICAL DESCRIPTION | |
| Extent | xvii,891 |
| 365 ## - TRADE PRICE | |
| Price amount | 298 |
| Currency code | INR |
| 650 ## - SUBJECT ADDED ENTRY--TOPICAL TERM | |
| Topical term or geographic name entry element | Economics |
| 9 (RLIN) | 77935 |
| 650 ## - SUBJECT ADDED ENTRY--TOPICAL TERM | |
| Topical term or geographic name entry element | Labour Economics |
| 9 (RLIN) | 77936 |
| 906 ## - LOCAL DATA ELEMENT F, LDF (RLIN) | |
| a | Dynamics ; industrial ; relations |
| 942 ## - ADDED ENTRY ELEMENTS (KOHA) | |
| Source of classification or shelving scheme | Dewey Decimal Classification |
| Koha item type | Book |
| Withdrawn status | Lost status | Damaged status | Not for loan | Collection code | Home library | Current library | Date acquired | Cost, normal purchase price | Total Checkouts | Full call number | Barcode | Date last seen | Price effective from | Koha item type |
|---|---|---|---|---|---|---|---|---|---|---|---|---|---|---|
| PGDBM | St Aloysius PG Library | St Aloysius PG Library | 11/03/2009 | 298.00 | 331 MAMD | PG001575 | 08/24/2022 | 04/26/2021 | Book | |||||
| PGDBM | St Aloysius PG Library | St Aloysius PG Library | 11/03/2009 | 275.00 | 331 MAMD | PG001576 | 08/24/2022 | 04/26/2021 | Book |